000 00324nam a22001337a 4500
008 240921b |||||||| |||| 00| 0 eng d
020 _a0-07-462186-6
100 _aH S Kalri
245 _aElectronic Instrumentation
260 _aNew Delhi
_bTata Mcgraw Hill
_c1997
300 _a635
650 _aBB-ECE
942 _2ddc
_cBK
999 _c20899
_d20899